|
|
|
|
| LEADER |
01679cas a2200241 a 4500 |
| 001 |
AALejournalIMF008477 |
| 008 |
230101c9999 xx r poo 0 0eng d |
| 020 |
|
|
|c 5.00 USD
|
| 020 |
|
|
|z 9781451973709
|
| 022 |
|
|
|a 1018-5941
|
| 040 |
|
|
|a BD-DhAAL
|c BD-DhAAL
|
| 100 |
1 |
|
|a Gulde, Anne.
|
| 245 |
1 |
0 |
|a Sri Lanka :
|b Price Changes and the Poor /
|c Anne Gulde.
|
| 264 |
|
1 |
|a Washington, D.C. :
|b International Monetary Fund,
|c 1991.
|
| 300 |
|
|
|a 1 online resource (26 pages)
|
| 490 |
1 |
|
|a IMF Working Papers
|
| 500 |
|
|
|a <strong>Off-Campus Access:</strong> No User ID or Password Required
|
| 500 |
|
|
|a <strong>On-Campus Access:</strong> No User ID or Password Required
|
| 506 |
|
|
|a Electronic access restricted to authorized BRAC University faculty, staff and students
|
| 520 |
3 |
|
|a This paper examines the short-run impact of Sri Lanka's recent structural adjustment program on the poorest segments of society. While the ultimate goal of all macroeconomic adjustment programs is to overcome structural rigidities and put the economy on a sustainable growth path, some of the measures implemented, such as the liberalization of food and energy prices, cuts in subsidies and other budgetary spending, and exchange rate changes, may cause significant increases in relative prices faced by the poor. On the other hand, there are offsetting income effects even in the short run, such as adjustments in wages and output prices and retargeting of subsidies.
|
| 538 |
|
|
|a Mode of access: Internet
|
| 830 |
|
0 |
|a IMF Working Papers; Working Paper ;
|v No. 1991/046
|
| 856 |
4 |
0 |
|z Full text available on IMF
|u http://elibrary.imf.org/view/journals/001/1991/046/001.1991.issue-046-en.xml
|z IMF e-Library
|